|
|
|
|
| LEADER |
00000nab a2200000 a 4500 |
| 001 |
vtls008985673 |
| 003 |
SK-MaSNL |
| 005 |
20260303065431.0 |
| 008 |
051017 1976 xo 000 0 slo |
| 015 |
|
|
|a SNBRB1977
|
| 040 |
|
|
|a SNKBUCL
|b slo
|c SNKBUCL
|e AACR2
|
| 041 |
0 |
|
|a slo
|
| 044 |
|
|
|a xo
|c SK
|
| 080 |
|
|
|a 635.9:635.649
|2 2001
|
| 080 |
|
|
|a 635.649
|2 2001
|
| 100 |
1 |
|
|a Jakábová, Anna,
|d 1943-
|4 aut
|9 163431
|
| 245 |
1 |
0 |
|a Pestovanie okrasných paprík
|c Anna Jakabová
|
| 300 |
|
|
|b Obr.
|
| 650 |
0 |
7 |
|a okrasná paprika
|2 snkbucl
|9 1065482
|
| 650 |
0 |
7 |
|a pestovanie zeleniny
|2 snkbucl
|9 301433
|
| 773 |
0 |
|
|t Záhradníctvo
|g Č. 12 (1976), s. 559-560
|
| 999 |
|
|
|c 1751177
|d 1753107
|